History Quiz

Random History or Clickable Quiz

Governors by State (2017) Quiz Stats

 Plays Quiz not verified by Sporcle

Score 0/50 Timer 10:00
0 Plays Today
% Correct
Andrew Cuomo (D)
92.3%
Scott Walker (R)
87.2%
Jerry Brown (D)
84.6%
Chris Christie (R)
84.6%
John Kasich (R)
84.6%
Sam Brownback (R)
79.5%
Rick Scott (R)
76.9%
Terry McAuliffe (D)
76.9%
John Hickenlooper (D)
71.8%
Paul LePage (R)
71.8%
Greg Abbott (R)
71.8%
Susana Martinez (R)
69.2%
Roy Cooper (D)
69.2%
Larry Hogan (R)
66.7%
Mark Dayton (D)
66.7%
Chris Sununu (R)
66.7%
Asa Hutchinson (R)
64.1%
David Ige (D)
64.1%
Tom Wolf (D)
64.1%
Jay Inslee (D)
64.1%
Dan Malloy (D)
61.5%
Terry Branstad (R)
61.5%
Matt Bevin (R)
61.5%
Charlie Baker (R)
61.5%
Pete Ricketts (R)
61.5%
% Correct
Mary Fallin (R)
61.5%
Nathan Deal (R)
59%
Butch Otter (R)
59%
Bruce Rauner (R)
59%
John Bel Edwards (D)
59%
Rick Snyder (R)
59%
Brian Sandoval (R)
59%
Gina Raimondo (D)
59%
Bill Haslam (R)
59%
Doug Ducey (R)
56.4%
Jim Justice (D)
56.4%
Robert Bentley (R)
53.8%
Bill Walker (I)
53.8%
Eric Holcomb (R)
53.8%
Phil Bryant (R)
53.8%
Steve Bullock (D)
53.8%
Gary Herbert (R)
53.8%
Phil Scott (R)
53.8%
Matt Mead (R)
53.8%
Kate Brown (D)
51.3%
Dennis Daugaard (R)
51.3%
John Carney (D)
48.7%
Eric Greitens (R)
48.7%
Doug Burgum (R)
48.7%
Henry McMaster (R)
48.7%

You're not logged in!

Compare scores with friends on all Sporcle quizzes.
OR
Log In

Show Comments

Extras

Top Quizzes Today


Score Distribution

Your Account Isn't Verified!

In order to create a playlist on Sporcle, you need to verify the email address you used during registration. Go to your Sporcle Settings to finish the process.

Report this User

Report this user for behavior that violates our Community Guidelines.

Details: